| 000 | 00674na a2200229 4500 | ||
|---|---|---|---|
| 001 | 17021 | ||
| 003 | MIRAKIL | ||
| 005 | 20181213154907.0 | ||
| 008 | 161021b tu 000 0 | ||
| 035 | _a17021 | ||
| 040 |
_aMilas _btur _cTR-AnCHP |
||
| 041 | _atur | ||
| 082 |
_a342.03 _bR32k 2010 |
||
| 090 | _a342.03 R32k 2010 | ||
| 111 |
_aReferanduma Doğru Anayasa Değişikliği _c[İzmir] _d2010 _n40 |
||
| 245 |
_a40. Panel _b"Referanduma doğru anayasa değişikliği _cEge-Koop |
||
| 260 |
_aİzmir _bEge-Koop _c2010 |
||
| 300 |
_a74 s. _bfotğ. _c19 sm. |
||
| 650 |
_aAnayasa değişikliği _xToplantılar |
||
| 650 |
_aSiyasal süreç _zTürkiye |
||
| 942 |
_2ddc _cBKS |
||
| 999 |
_c2710 _d2710 |
||